00543nmm a2200169Ia 4500008004100000020001800041041000800059100002300067245006700090264006900157300001800226490002200244650003200266856005100298942000700349999001700356251105s9999||||xx |||||||||||||||||und|| a9788481028973 aspa aVincenzini, Andrea 0aEl Guadiana neoliberal : del "New Deal" a la "Gran Recesión" a[Madrid, España] :bEdiciones Universidad de Cantabria, c2019 a366 páginas aCiencias Sociales aPolitical Science (General) uhttps://public.digitaliapublishing.com/a/63129 cCF c85771d85771